| 000 | 00873nam a2200265Ia 4500 | ||
|---|---|---|---|
| 003 | OSt | ||
| 005 | 20221005042822.0 | ||
| 006 | a|||||r|||| 00| 0 | ||
| 007 | ta | ||
| 008 | 221004b |||||||| |||| 00| 0 eng d | ||
| 020 |
_a9781474432252 (pbk) _cUKP 24.99 |
||
| 024 | _a43438 | ||
| 037 |
_b57448, 07/03/2019, Segment Book Distributors _cTextual |
||
| 040 |
_aCRL _cCRL _beng |
||
| 041 |
_2eng _aeng |
||
| 082 | _aR853xN25:g, Q8 | ||
| 100 |
_aRolli Marc Au. _9590886 |
||
| 245 | 0 |
_aGilles deleuze's transcendental empiricism _b from tradition to differnece |
|
| 260 |
_aEdinburgh _bEdinburgh University press _c2018 |
||
| 300 |
_axiv,313p. _ccm. |
||
| 650 | _a PHILOSOPHERS | ||
| 650 |
_aDELEUZE, GILLES _934067 |
||
| 942 |
_hR853xN25:g, Q8 _cTEXL _2cc |
||
| 999 |
_c950877 _d950877 |
||